Báo cáo đánh giá tác động môi trường

Zapisane w:
Opis bibliograficzny
Korporacja: Ủy ban nhân dân Thành phố Cần Thơ
Format: Książka
Język:Undetermined
Wydane: Washington, D. C. The World Bank 2003
Hasła przedmiotowe:
Etykiety: Dodaj etykietę
Nie ma etykietki, Dołącz pierwszą etykiete!
Thư viện lưu trữ: Trung tâm Học liệu Trường Đại học Cần Thơ
LEADER 00586nam a2200181Ia 4500
001 CTU_63884
008 210402s9999 xx 000 0 und d
082 |a 363.7 
082 |b U523 
110 |a Ủy ban nhân dân Thành phố Cần Thơ 
245 0 |a Báo cáo đánh giá tác động môi trường 
245 0 |c Ủy ban nhân dân Thành phố Cần Thơ 
260 |a Washington, D. C. 
260 |b The World Bank 
260 |c 2003 
650 |a Environment monitoring 
904 |i Truc 
980 |a Trung tâm Học liệu Trường Đại học Cần Thơ